| 000 | 01643cam a2200397 i 4500 | ||
|---|---|---|---|
| 001 | 24253 | ||
| 003 | Mx-PuUPA | ||
| 005 | 20250312110037.0 | ||
| 008 | 140415s2024 sp a gr 000 0 spa d | ||
| 017 | _aM-31518-2023 | ||
| 020 | _a9788419663344 | ||
| 040 |
_cMx-PuUPA _aMx-PuUPA _bspa _dMx-PuUPA _erda |
||
| 041 | 1 |
_aspa _heng |
|
| 100 | 1 |
_aConroy, Vincent M., _eautor _916825 |
|
| 240 | 1 | 0 |
_aKendall's muscles : testing and function with posture and pain. _lEspañol |
| 245 | 1 | 0 |
_aKendall músculos : _bfunción y pruebas mediante posturas y dolor / _cVincent M. Conroy, Brian N. Murray, Quinn T. Alexopulos, McCreary Jordan ; traducción, Pedro Sánchez Rojas |
| 250 | _a6a. edición | ||
| 264 | 1 |
_aBarcelona, España : _bWolters Kluwer, _c©2024 |
|
| 300 |
_axxiv, 503 páginas : _bilustraciones (a color) ; _c28 cm |
||
| 336 |
_2rdacontent _atexto _btxt |
||
| 336 |
_2rdacontent _aimagen fija _bsti |
||
| 337 |
_2rdamedia _asin medio _bn |
||
| 338 |
_2rdacarrier _avolumen _bnc |
||
| 650 | 7 |
_2amor _aMúsculos _xDolor |
|
| 650 | 7 |
_2armarc _aPruebas funcionales (Medicina) |
|
| 650 | 7 |
_2armarc _aPostura |
|
| 700 | 1 | _aBrian N. Murray, | |
| 700 | 1 | _a Quinn T. Alexopulos, | |
| 700 | 1 | _aMcCreary Jordan ; | |
| 700 | 1 | _atraducción, Pedro Sánchez Rojas | |
| 765 | 0 |
_aConroy, Vincent M., _b6a edición _dPhiladelphia, PA : Wolters Kluwer, ©2024 _tKendall's muscles : testing and function with posture and pain. _z9781975159894 |
|
| 942 |
_2ddc _cLI _h612.74 _iK3318 |
||
| 999 |
_c24253 _d24253 |
||